Statistics for Victoria 2 Most Likely Candidate: Great Power Dropout

Click here to take the quiz!

General Stats

  • This quiz has been taken 70 times
  • The average score is 10 of 13

Answer Stats

Answer% Correct
Spain
100%
Ottoman Empire
97%
Austria
90%
Belgium
89%
The Netherlands
89%
France
80%
Italy
79%
Prussia
74%
Brazil
72%
Switzerland
61%
Two Sicilies
59%
Bavaria
44%
Russian Empire
38%

Score Distribution

Percentile by Number Answered

Percent of People with Each Score

Your Score History

You have not taken this quiz